| 000 | 00923nam a2200217 a 4500 | ||
|---|---|---|---|
| 001 | 71278 | ||
| 003 | BD-RjUL | ||
| 005 | 20211209082109.0 | ||
| 008 | 170430s1972 ii ||||| |||| 00| 0 ben d | ||
| 035 | _a(BD-RjUL)71493 | ||
| 040 |
_aBD-RjUL _bben _cBD-RjUL |
||
| 041 | _aben | ||
| 082 |
_223 _a784.095414 _bDED 1972 |
||
| 110 |
_aদেশাত্নবোধক সঙ্গীত-স্বরলিপি _9213525 |
||
| 245 | 0 | 0 |
_aদেশ-বন্দনা / _cদেশাত্নবোধক সঙ্গীত-স্বরলিপি ; সম্পদনা মনোরঞ্জন সেন |
| 300 |
_a৯৬ পৃ. ; _c২৫ সেমি. |
||
| 650 |
_aSongs, Bengali _zIndia _xHistory and criticism. _9213515 |
||
| 650 |
_aগান, বাংলা _zভারত _xইতিহাস এবং সমালোচনা _9213526 |
||
| 700 |
_aসেন, মনোরঞ্জন _9210897 |
||
| 942 |
_2ddc _cBK |
||
| 999 |
_c71278 _d71278 |
||